000 00436nam a2200169Ia 4500
008 230711s9999||||xx |||||||||||||| ||und||
020 _a978-1-906347-27-7
041 _aENG
082 _a720.9
_bCA-A
100 _aCattermole,Paul
245 0 _aArchitectural Excellence 500 Iconic Buildings
250 _a1st Ed.
260 _c2008
_aLondon
_bCompendium Publishing Limited
300 _a512p.
650 _aArchitecture
942 _cBK
999 _c6488
_d6488